000 00635nam a22001817a 4500
005 20160114105958.0
010 _aENG-114442
020 _c500.00
_a9788180642173
035 _aEN-97974
037 _bDBAD/PUB
082 _a954.52
245 _athe speckled canvas :
_ba contemporary transdisciplinary probe into the society literature and culture of Bengal over last hundred years 1913-2013 /
260 _aKolkata
_bProgressive Publishers
_c2015
270 _a37A, College Street
_bKolkata
_e700073
300 _a542p.
_c23cm(Hb)
500 _aIncludes bibliographical references
942 _2ddc
_cEN
_mSPE
_h954.52
999 _c98032
_d98032